<?xml version="1.0" encoding="UTF-8"?>
<record
    xmlns:xsi="http://www.w3.org/2001/XMLSchema-instance"
    xsi:schemaLocation="http://www.loc.gov/MARC21/slim http://www.loc.gov/standards/marcxml/schema/MARC21slim.xsd"
    xmlns="http://www.loc.gov/MARC21/slim">

  <leader>00702nam a2200169   4500</leader>
  <controlfield tag="001">1140</controlfield>
  <controlfield tag="005">20181127162744.0</controlfield>
  <datafield tag="090" ind1="0" ind2="0">
    <subfield code="a">315.498 P96489p 2007</subfield>
  </datafield>
  <datafield tag="110" ind1=" " ind2=" ">
    <subfield code="a">National Statistics Bureau, Royal Government of Bhutan.</subfield>
    <subfield code="b"></subfield>
    <subfield code="c"></subfield>
    <subfield code="d"></subfield>
    <subfield code="e"></subfield>
    <subfield code="n"></subfield>
    <subfield code="p"></subfield>
  </datafield>
  <datafield tag="245" ind1="0" ind2="0">
    <subfield code="a">Population projections Bhutan 2005 - 2030 :</subfield>
    <subfield code="b">based on population and housing census of Bhutan 2005 /</subfield>
    <subfield code="c">National Statistics Bureau.</subfield>
    <subfield code="h"></subfield>
  </datafield>
  <datafield tag="250" ind1="0" ind2="0">
    <subfield code="a"></subfield>
  </datafield>
  <datafield tag="260" ind1="0" ind2="0">
    <subfield code="a">Thimphu :</subfield>
    <subfield code="b">National Statisitcs Bureau.</subfield>
    <subfield code="c">2007</subfield>
  </datafield>
  <datafield tag="300" ind1="0" ind2="0">
    <subfield code="a">38 leaves ; 29 cm.</subfield>
  </datafield>
  <datafield tag="500" ind1="0" ind2="0">
    <subfield code="a">Chiefly statistics.</subfield>
  </datafield>
  <datafield tag="650" ind1="0" ind2="0">
    <subfield code="a">Population forecasting --Bhutan --Statistics.</subfield>
    <subfield code="x"></subfield>
  </datafield>
  <datafield tag="856" ind1=" " ind2=" ">
    <subfield code="a"></subfield>
    <subfield code="u">http://www.nsb.gov.bt/publication/files/pub0fi10137nm.pdf</subfield>
    <subfield code="y">Population projections Bhutan 2005 - 2030</subfield>
    <subfield code="z"></subfield>
    <subfield code="3"></subfield>
  </datafield>
  <datafield tag="999" ind1=" " ind2=" ">
    <subfield code="c">797</subfield>
    <subfield code="d">797</subfield>
  </datafield>
  <datafield tag="952" ind1=" " ind2=" ">
    <subfield code="0">0</subfield>
    <subfield code="1">0</subfield>
    <subfield code="2">ddc</subfield>
    <subfield code="4">0</subfield>
    <subfield code="7">0</subfield>
    <subfield code="8">STORAGE</subfield>
    <subfield code="a">RTCLIB</subfield>
    <subfield code="b">RTCLIB</subfield>
    <subfield code="c">STORAGE</subfield>
    <subfield code="d">2021-09-27</subfield>
    <subfield code="h"> </subfield>
    <subfield code="i">4282</subfield>
    <subfield code="o">Periodicals Serials</subfield>
    <subfield code="p">30005355</subfield>
    <subfield code="r">2018-11-27 00:00:00</subfield>
    <subfield code="t">1</subfield>
    <subfield code="w">2018-11-27</subfield>
    <subfield code="y">STORAGE</subfield>
  </datafield>
  <datafield tag="952" ind1=" " ind2=" ">
    <subfield code="0">0</subfield>
    <subfield code="1">0</subfield>
    <subfield code="2">ddc</subfield>
    <subfield code="4">0</subfield>
    <subfield code="7">0</subfield>
    <subfield code="8">STORAGE</subfield>
    <subfield code="a">RTCLIB</subfield>
    <subfield code="b">RTCLIB</subfield>
    <subfield code="c">STORAGE</subfield>
    <subfield code="d">2021-09-27</subfield>
    <subfield code="h"> </subfield>
    <subfield code="i">4283</subfield>
    <subfield code="o">Periodicals Serials</subfield>
    <subfield code="p">30005356</subfield>
    <subfield code="r">2018-11-27 00:00:00</subfield>
    <subfield code="t">2</subfield>
    <subfield code="w">2018-11-27</subfield>
    <subfield code="y">STORAGE</subfield>
  </datafield>
  <datafield tag="952" ind1=" " ind2=" ">
    <subfield code="0">0</subfield>
    <subfield code="1">0</subfield>
    <subfield code="2">ddc</subfield>
    <subfield code="4">0</subfield>
    <subfield code="7">0</subfield>
    <subfield code="8">STORAGE</subfield>
    <subfield code="a">RTCLIB</subfield>
    <subfield code="b">RTCLIB</subfield>
    <subfield code="c">STORAGE</subfield>
    <subfield code="d">2021-09-27</subfield>
    <subfield code="h"> </subfield>
    <subfield code="i">4284</subfield>
    <subfield code="o">Periodicals Serials</subfield>
    <subfield code="p">30005343</subfield>
    <subfield code="r">2018-11-27 00:00:00</subfield>
    <subfield code="t">3</subfield>
    <subfield code="w">2018-11-27</subfield>
    <subfield code="y">STORAGE</subfield>
  </datafield>
  <datafield tag="952" ind1=" " ind2=" ">
    <subfield code="0">0</subfield>
    <subfield code="1">0</subfield>
    <subfield code="2">ddc</subfield>
    <subfield code="4">0</subfield>
    <subfield code="7">0</subfield>
    <subfield code="8">STORAGE</subfield>
    <subfield code="a">RTCLIB</subfield>
    <subfield code="b">RTCLIB</subfield>
    <subfield code="c">STORAGE</subfield>
    <subfield code="d">2021-09-27</subfield>
    <subfield code="h"> </subfield>
    <subfield code="i">4285</subfield>
    <subfield code="o">Periodicals Serials</subfield>
    <subfield code="p">30005461</subfield>
    <subfield code="r">2018-11-27 00:00:00</subfield>
    <subfield code="t">4</subfield>
    <subfield code="w">2018-11-27</subfield>
    <subfield code="y">STORAGE</subfield>
  </datafield>
  <datafield tag="952" ind1=" " ind2=" ">
    <subfield code="0">0</subfield>
    <subfield code="1">0</subfield>
    <subfield code="2">ddc</subfield>
    <subfield code="4">0</subfield>
    <subfield code="7">0</subfield>
    <subfield code="8">STORAGE</subfield>
    <subfield code="a">RTCLIB</subfield>
    <subfield code="b">RTCLIB</subfield>
    <subfield code="c">STORAGE</subfield>
    <subfield code="d">2021-09-27</subfield>
    <subfield code="h"> </subfield>
    <subfield code="i">4286</subfield>
    <subfield code="o">Periodicals Serials</subfield>
    <subfield code="p">30005459</subfield>
    <subfield code="r">2018-11-27 00:00:00</subfield>
    <subfield code="t">5</subfield>
    <subfield code="w">2018-11-27</subfield>
    <subfield code="y">STORAGE</subfield>
  </datafield>
  <datafield tag="952" ind1=" " ind2=" ">
    <subfield code="0">0</subfield>
    <subfield code="1">0</subfield>
    <subfield code="2">ddc</subfield>
    <subfield code="4">0</subfield>
    <subfield code="7">0</subfield>
    <subfield code="8">PERIODICALS</subfield>
    <subfield code="a">RTCLIB</subfield>
    <subfield code="b">RTCLIB</subfield>
    <subfield code="c">PERIODICALS</subfield>
    <subfield code="h"> </subfield>
    <subfield code="i">4287</subfield>
    <subfield code="l">0</subfield>
    <subfield code="o">Periodicals Serials</subfield>
    <subfield code="p">30005430</subfield>
    <subfield code="r">2018-11-27 00:00:00</subfield>
    <subfield code="t">7</subfield>
    <subfield code="w">2018-11-27</subfield>
    <subfield code="y">PERIODICAL</subfield>
  </datafield>
  <datafield tag="952" ind1=" " ind2=" ">
    <subfield code="0">0</subfield>
    <subfield code="1">0</subfield>
    <subfield code="2">ddc</subfield>
    <subfield code="4">0</subfield>
    <subfield code="7">0</subfield>
    <subfield code="8">PERIODICALS</subfield>
    <subfield code="a">RTCLIB</subfield>
    <subfield code="b">RTCLIB</subfield>
    <subfield code="c">PERIODICALS</subfield>
    <subfield code="h"> </subfield>
    <subfield code="i">4288</subfield>
    <subfield code="l">0</subfield>
    <subfield code="o">Periodicals Serials</subfield>
    <subfield code="p">30005435</subfield>
    <subfield code="r">2018-11-27 00:00:00</subfield>
    <subfield code="t">8</subfield>
    <subfield code="w">2018-11-27</subfield>
    <subfield code="y">PERIODICAL</subfield>
  </datafield>
  <datafield tag="952" ind1=" " ind2=" ">
    <subfield code="0">0</subfield>
    <subfield code="1">0</subfield>
    <subfield code="2">ddc</subfield>
    <subfield code="4">0</subfield>
    <subfield code="7">0</subfield>
    <subfield code="8">PERIODICALS</subfield>
    <subfield code="a">RTCLIB</subfield>
    <subfield code="b">RTCLIB</subfield>
    <subfield code="c">PERIODICALS</subfield>
    <subfield code="h"> </subfield>
    <subfield code="i">4289</subfield>
    <subfield code="l">0</subfield>
    <subfield code="o">Periodicals Serials</subfield>
    <subfield code="p">30005467</subfield>
    <subfield code="r">2018-11-27 00:00:00</subfield>
    <subfield code="t">9</subfield>
    <subfield code="w">2018-11-27</subfield>
    <subfield code="y">PERIODICAL</subfield>
  </datafield>
  <datafield tag="952" ind1=" " ind2=" ">
    <subfield code="0">0</subfield>
    <subfield code="1">0</subfield>
    <subfield code="2">ddc</subfield>
    <subfield code="4">0</subfield>
    <subfield code="7">0</subfield>
    <subfield code="8">PERIODICALS</subfield>
    <subfield code="a">RTCLIB</subfield>
    <subfield code="b">RTCLIB</subfield>
    <subfield code="c">PERIODICALS</subfield>
    <subfield code="h"> </subfield>
    <subfield code="i">4290</subfield>
    <subfield code="l">0</subfield>
    <subfield code="o">Periodicals Serials</subfield>
    <subfield code="p">30005427</subfield>
    <subfield code="r">2018-11-27 00:00:00</subfield>
    <subfield code="t">10</subfield>
    <subfield code="w">2018-11-27</subfield>
    <subfield code="y">PERIODICAL</subfield>
  </datafield>
  <datafield tag="952" ind1=" " ind2=" ">
    <subfield code="0">0</subfield>
    <subfield code="1">0</subfield>
    <subfield code="2">ddc</subfield>
    <subfield code="4">0</subfield>
    <subfield code="7">0</subfield>
    <subfield code="8">PERIODICALS</subfield>
    <subfield code="a">RTCLIB</subfield>
    <subfield code="b">RTCLIB</subfield>
    <subfield code="c">PERIODICALS</subfield>
    <subfield code="d">2023-03-14</subfield>
    <subfield code="h">177243</subfield>
    <subfield code="l">0</subfield>
    <subfield code="p">30018433</subfield>
    <subfield code="r">2023-03-14 00:00:00</subfield>
    <subfield code="w">2023-03-14</subfield>
    <subfield code="y">PERIODICAL</subfield>
  </datafield>
</record>
